[Event "1er Open international de Liffré - Tourn"]
[Site "Liffré"]
[Date "2015.10.17"]
[Round "4.1"]
[White "Stany, G.a"]
[Black "Swayams, Mishra"]
[Result "1/2-1/2"]
[WhiteElo "2385"]
[BlackElo "2444"]
[PlyCount "82"]
[EventDate "2015.??.??"]

1. Nf3 d5 2. e3 Nf6 3. b3 e6 4. Bb2 Bd6 5. d4 O-O 6. Bd3 Ne4 7. O-O Nd7 8. c4
c6 9. Nbd2 f5 10. Ne5 Qe7 11. f3 Nxd2 12. Qxd2 Nf6 13. Rae1 Bd7 14. Qc2 Rad8
15. h3 Nh5 16. Qf2 f4 17. exf4 Nxf4 18. Bb1 Be8 19. Bc1 Bb4 20. Rd1 Bd6 21.
Rfe1 Qg5 22. Bxf4 Qxf4 23. c5 Bc7 24. Qe3 b6 25. Qd3 Rf5 26. b4 Qg3 27. Qe3 Rh5
28. Kf1 Bxe5 29. dxe5 Rb8 30. Rd4 Rg5 31. Rg4 Rxg4 32. hxg4 Bd7 33. Qa3 Qh4 34.
Qxa7 Qd8 35. Bd3 b5 36. Qa3 Ra8 37. Qb2 Qh4 38. a3 Qh1+ 39. Kf2 Qh4+ 40. Kf1
Qh1+ 41. Kf2 Qh4+ 1/2-1/2

[Event "1er Open international de Liffré - Tourn"]
[Site "Liffré"]
[Date "2015.10.17"]
[Round "4.2"]
[White "Bailet, Pierre"]
[Black "Alanic, Mickael"]
[Result "1-0"]
[WhiteElo "2515"]
[BlackElo "2271"]
[PlyCount "111"]
[EventDate "2015.??.??"]

1. e4 c6 2. d4 d5 3. Nd2 dxe4 4. Nxe4 Nd7 5. Ng5 Ngf6 6. Bd3 e6 7. N1f3 Bd6 8.
Qe2 h6 9. Ne4 Nxe4 10. Qxe4 Nf6 11. Qe2 O-O 12. Bd2 c5 13. dxc5 Bxc5 14. O-O-O
Qb6 15. Ne5 Bd4 16. c3 Bxe5 17. Qxe5 Qxf2 18. Rhf1 Qh4 19. Rf3 Ng4 20. Qc5 Qxh2
21. Bh7+ Kxh7 22. Qxf8 f5 23. Rh3 Qe5 24. c4 Qf6 25. Qxf6 Nxf6 26. Bc3 Ng4 27.
Rd8 b6 28. Re8 e5 29. Bxe5 Nxe5 30. Rxe5 f4 31. Rh4 Bb7 32. Re7 Bxg2 33. Rg4 f3
34. Rgxg7+ Kh8 35. Rh7+ Kg8 36. Reg7+ Kf8 37. Rc7 Kg8 38. Rhg7+ Kh8 39. Rgf7 h5
40. Kd2 Re8 41. Rh7+ Kg8 42. Rcg7+ Kf8 43. Rxa7 Kg8 44. Rag7+ Kf8 45. Rf7+ Kg8
46. Rhg7+ Kh8 47. Rg5 Re4 48. Rf6 Kh7 49. Rxh5+ Kg7 50. Rhf5 Rxc4 51. Rxb6 Re4
52. Rbf6 Re2+ 53. Kc3 Re3+ 54. Kb4 Re4+ 55. Ka3 Re3+ 56. b3 1-0

[Event "1er Open international de Liffré - Tourn"]
[Site "Liffré"]
[Date "2015.10.17"]
[Round "4.3"]
[White "Le Marec, Simon"]
[Black "Pucher, Sebastien"]
[Result "1/2-1/2"]
[WhiteElo "2152"]
[BlackElo "2326"]
[PlyCount "98"]
[EventDate "2015.??.??"]

1. d4 Nf6 2. c4 e6 3. g3 d5 4. Nf3 dxc4 5. Bg2 Bb4+ 6. Bd2 c5 7. dxc5 Bxc5 8.
Qa4+ Bd7 9. Qxc4 Qb6 10. O-O Bb5 11. Qb3 Bxe2 12. Qxb6 Bxb6 13. Ne5 Ba6 14. Rd1
Nbd7 15. Nxd7 Nxd7 16. Nc3 O-O-O 17. b4 Bc4 18. Ne4 Bc7 19. Bf4 e5 20. Be3 Kb8
21. Rac1 b5 22. a4 Nb6 23. axb5 Rxd1+ 24. Rxd1 Rd8 25. Rxd8+ Bxd8 26. Nd6 Be6
27. Ne8 g6 28. f4 Nc4 29. Bc5 exf4 30. gxf4 Bd7 31. Bc6 Bxc6 32. bxc6 a6 33.
Kf2 Bb6 34. Bxb6 Nxb6 35. Ke3 Nd5+ 36. Kd4 Nxb4 37. Kc5 a5 38. Nd6 Kc7 39. Nb5+
Kd8 40. Kd6 Nxc6 41. Kxc6 Ke7 42. Kd5 Kf6 43. Ke4 a4 44. Na3 Ke6 45. Nc4 f6 46.
h4 Kf7 47. Kf3 f5 48. Ke3 Kf6 49. Kd4 h6 1/2-1/2

[Event "1er Open international de Liffré - Tourn"]
[Site "Liffré"]
[Date "2015.10.17"]
[Round "4.4"]
[White "Ibrahim, Hatim"]
[Black "Pigeat, Alexandre"]
[Result "1/2-1/2"]
[WhiteElo "2311"]
[BlackElo "2123"]
[PlyCount "61"]
[EventDate "2015.??.??"]

1. Nf3 d5 2. c4 c6 3. e3 Nf6 4. d4 a6 5. b3 Bf5 6. Nbd2 e6 7. Bb2 Nbd7 8. Be2
h6 9. O-O Be7 10. c5 a5 11. a3 b6 12. b4 bxc5 13. dxc5 Qc7 14. Nd4 O-O 15. Nxf5
exf5 16. Nb3 axb4 17. axb4 Ne4 18. f3 Ng5 19. Nd4 Bf6 20. Qd2 Be5 21. f4 Ne4
22. Qc2 Bxd4 23. Bxd4 f6 24. Ra4 Rfb8 25. Rfa1 Rxa4 26. Rxa4 Nf8 27. Qa2 Ne6
28. Ra7 Rb7 29. Rxb7 Qxb7 30. Qa5 Kh7 31. Bd3 1/2-1/2

[Event "1er Open international de Liffré - Tourn"]
[Site "Liffré"]
[Date "2015.10.17"]
[Round "5.1"]
[White "Swayams, Mishra"]
[Black "Bailet, Pierre"]
[Result "1/2-1/2"]
[WhiteElo "2444"]
[BlackElo "2515"]
[PlyCount "47"]
[EventDate "2015.??.??"]

1. d4 Nf6 2. c4 e6 3. Nc3 Bb4 4. e3 O-O 5. Nge2 d5 6. a3 Be7 7. cxd5 exd5 8.
Nf4 c6 9. Bd3 Re8 10. O-O Nbd7 11. Bc2 Nf8 12. f3 Ne6 13. Nxe6 Bxe6 14. e4 dxe4
15. fxe4 Bg4 16. Qd3 Bh5 17. e5 Bg6 18. Qd2 Nd5 19. Bxg6 hxg6 20. Qf2 Rf8 21.
Be3 Qd7 22. Rad1 Rad8 23. Bc1 Qe6 24. Ne4 1/2-1/2

[Event "1er Open international de Liffré - Tourn"]
[Site "Liffré"]
[Date "2015.10.17"]
[Round "5.2"]
[White "Alanic, Mickael"]
[Black "Stany, G.a"]
[Result "0-1"]
[WhiteElo "2271"]
[BlackElo "2385"]
[PlyCount "68"]
[EventDate "2015.??.??"]

1. e4 g6 2. d4 Bg7 3. Nc3 d6 4. Be3 a6 5. Qd2 b5 6. a3 Bb7 7. h4 Nf6 8. f3 h6
9. Nge2 Nbd7 10. g4 c5 11. Ng3 Qc7 12. d5 Ne5 13. Kf2 h5 14. gxh5 Nxh5 15. Nxh5
Rxh5 16. Be2 O-O-O 17. b3 Rh7 18. f4 Nd7 19. Rag1 Rdh8 20. h5 gxh5 21. Bxh5
Rxh5 22. Rxh5 Rxh5 23. Rxg7 Nf6 24. Kg1 Qd7 25. Qg2 Qh3 26. Qxh3+ Rxh3 27. Bd2
b4 28. axb4 cxb4 29. Na4 a5 30. Kg2 Rh5 31. Kf3 Kd8 32. Rxf7 Rh2 33. Be3 Rh3+
34. Ke2 Ba6+ 0-1

[Event "1er Open international de Liffré - Tourn"]
[Site "Liffré"]
[Date "2015.10.17"]
[Round "5.3"]
[White "Pucher, Sebastien"]
[Black "Julien, Jules-Alois"]
[Result "1-0"]
[WhiteElo "2326"]
[BlackElo "2034"]
[PlyCount "79"]
[EventDate "2015.??.??"]

1. c4 Nf6 2. d4 c5 3. d5 g6 4. f3 Bg7 5. e4 O-O 6. Ne2 d6 7. Be3 e5 8. Nbc3 Ne8
9. g3 f5 10. Bg2 f4 11. Bf2 h5 12. h4 Na6 13. Qd2 Qf6 14. O-O-O Nac7 15. gxf4
exf4 16. Bh3 Bxh3 17. Rxh3 b5 18. Rg1 Kh7 19. Rh2 b4 20. Na4 Qf7 21. Rhg2 Be5
22. Rxg6 Qxg6 23. Rxg6 Kxg6 24. Bg1 Kh7 25. Bh2 Bf6 26. Bxf4 Bxh4 27. e5 Ng7
28. exd6 Na6 29. Ng3 Bxg3 30. Qd3+ Rf5 31. Bxg3 Raf8 32. Be5 Kg8 33. f4 Kh8 34.
Qg3 R5f7 35. Qg6 Rd7 36. Qxh5+ Kg8 37. Qg6 Re8 38. Bxg7 Re1+ 39. Kd2 Rxg7 40.
Qxg7+ 1-0

[Event "1er Open international de Liffré - Tourn"]
[Site "Liffré"]
[Date "2015.10.17"]
[Round "5.4"]
[White "Ramahef, Eric"]
[Black "Ibrahim, Hatim"]
[Result "0-1"]
[WhiteElo "2081"]
[BlackElo "2311"]
[PlyCount "118"]
[EventDate "2015.??.??"]

1. e4 c5 2. Nf3 e6 3. d4 cxd4 4. Nxd4 Nc6 5. Nc3 a6 6. Be3 Nf6 7. a3 d5 8. exd5
exd5 9. Be2 h6 10. O-O Bd6 11. Re1 O-O 12. Qd2 Re8 13. h3 Bc7 14. Nf3 Qd6 15.
Rad1 Be6 16. Bf1 Rad8 17. Qc1 Ne5 18. Nxe5 Qxe5 19. g3 Qh5 20. Rd4 g5 21. h4
Ng4 22. Bxg5 hxg5 23. Qxg5+ Qxg5 24. hxg5 Bb6 25. Rf4 Nxf2 26. Rxf2 Kg7 27. Kg2
Bxf2 28. Kxf2 Bf5 29. Rxe8 Rxe8 30. Nxd5 Bxc2 31. Ne3 Be4 32. Ng4 Rc8 33. Ke3
Bf5 34. Ne5 Rc2 35. Bd3 Bxd3 36. Nxd3 Kg6 37. Ne5+ Kxg5 38. Nxf7+ Kf6 39. Nd6
Rxb2 40. Kd4 Ke6 41. Kc3 Rb1 42. Kc2 Rb6 43. Nc4 Rb5 44. g4 Kd5 45. Ne3+ Ke4
46. Nf5 Kf4 47. Nd4 Rc5+ 48. Kb3 Kxg4 49. Kb4 Rc1 50. Ka5 Rb1 51. a4 Kf4 52.
Ne6+ Ke5 53. Nd8 b5 54. Nc6+ Kd5 55. Nb4+ Kc4 56. Nc2 Kc3 57. Ne3 bxa4 58. Nd5+
Kb3 59. Nc3 Kxc3 0-1

[Event "1er Open international de Liffré - Tourn"]
[Site "Liffré"]
[Date "2015.10.17"]
[Round "5.5"]
[White "Pigeat, Alexandre"]
[Black "Guezennec, Franck"]
[Result "1/2-1/2"]
[WhiteElo "2123"]
[BlackElo "2259"]
[PlyCount "83"]
[EventDate "2015.??.??"]

1. d4 Nf6 2. c4 g6 3. Nf3 Bg7 4. g3 O-O 5. Bg2 d6 6. O-O Nc6 7. Nbd2 a6 8. d5
Na7 9. e4 Bg4 10. Rb1 c5 11. Qc2 b5 12. b3 Rb8 13. Bb2 bxc4 14. bxc4 Nc8 15. h3
Bd7 16. g4 Nb6 17. e5 Ne8 18. Rfe1 Qc7 19. Ne4 dxe5 20. Bxe5 Bxe5 21. Nxe5 Qxe5
22. Nxc5 Qd4 23. Rxb6 Rxb6 24. Nxd7 Rb2 25. Rd1 Rxc2 26. Rxd4 Nd6 27. Nxf8 Kxf8
28. Bf1 a5 29. a4 Ke8 30. Bd3 Rc1+ 31. Kg2 Kd7 32. g5 Kc7 33. Rh4 Kb6 34. Rxh7
Rc3 35. Bf1 Kc5 36. h4 Ra3 37. h5 gxh5 38. g6 fxg6 39. Rxe7 Kd4 40. Re6 Kc5 41.
Re7 Kd4 42. Re6 1/2-1/2

[Event "1er Open international de Liffré - Tourn"]
[Site "Liffré"]
[Date "2015.10.17"]
[Round "6.1"]
[White "Stany, G.a"]
[Black "Pucher, Sebastien"]
[Result "1-0"]
[WhiteElo "2385"]
[BlackElo "2326"]
[PlyCount "121"]
[EventDate "2015.??.??"]

1. e4 Nf6 2. Nc3 e5 3. Nf3 d6 4. d4 Nbd7 5. Bc4 Be7 6. O-O O-O 7. Re1 a6 8. a4
b6 9. b3 Bb7 10. Bb2 c6 11. Bf1 b5 12. axb5 axb5 13. Rxa8 Bxa8 14. Qa1 Qc7 15.
Nb1 exd4 16. Nxd4 g6 17. Nd2 Bb7 18. N4f3 Ra8 19. Qc1 Bf8 20. e5 dxe5 21. Nxe5
Bg7 22. Nxd7 Qxd7 23. Nf3 Rd8 24. Qg5 h6 25. Qc1 Qd6 26. Be5 Qf8 27. Qa1 Ra8
28. Qb2 Nd7 29. Bd4 Rd8 30. Qc3 Bxd4 31. Qxd4 Nc5 32. Qh4 Bc8 33. Qf6 Rd6 34.
Qc3 Ne6 35. Nd2 Qg7 36. Qa5 Qd4 37. Ne4 Rd8 38. Re3 Qd1 39. Nc3 Qd7 40. Ne4 Qd1
41. Re1 Qd4 42. c3 Qe5 43. c4 Rd4 44. Ng3 Qb8 45. cxb5 cxb5 46. Qxb5 Qxb5 47.
Bxb5 Bb7 48. Bc4 Nf4 49. f3 Rd2 50. Re8+ Kg7 51. Ne2 Nd3 52. Nc3 Nc5 53. Re5
Rc2 54. Rxc5 Rxc3 55. b4 f5 56. Kf2 Kf6 57. Ke2 Rc2+ 58. Ke3 Rxg2 59. Rc7 f4+
60. Kxf4 Ba8 61. Rf7# 1-0

[Event "1er Open international de Liffré - Tourn"]
[Site "Liffré"]
[Date "2015.10.17"]
[Round "6.2"]
[White "Bailet, Pierre"]
[Black "Adrian, Claude"]
[Result "1-0"]
[WhiteElo "2515"]
[BlackElo "2208"]
[PlyCount "65"]
[EventDate "2015.??.??"]

1. Nf3 c5 2. e4 g6 3. d4 cxd4 4. Qxd4 Nf6 5. Bb5 a6 6. e5 axb5 7. exf6 Nc6 8.
Qh4 Ra4 9. fxe7 Bxe7 10. Qh6 Re4+ 11. Be3 Ne5 12. Nxe5 Rxe5 13. O-O Rh5 14. Qf4
O-O 15. Nd2 d5 16. h3 Bd6 17. Qf3 Qh4 18. Rfd1 Bf5 19. g4 d4 20. Bxd4 Bxg4 21.
hxg4 Rg5 22. Kf1 Rxg4 23. Be3 Re8 24. Ne4 Rgxe4 25. Rxd6 R4e5 26. Rd4 Qe7 27.
Rad1 Qe6 28. Rd5 h5 29. Rxe5 Qxe5 30. Bd4 Qe6 31. Rd3 Qe1+ 32. Kg2 Re4 33. Bc3
1-0

[Event "1er Open international de Liffré - Tourn"]
[Site "Liffré"]
[Date "2015.10.17"]
[Round "6.4"]
[White "Ibrahim, Hatim"]
[Black "Rider, Palmer"]
[Result "1-0"]
[WhiteElo "2311"]
[BlackElo "1748"]
[PlyCount "101"]
[EventDate "2015.??.??"]

1. Nf3 Nf6 2. g3 g6 3. b3 Bg7 4. Bb2 d6 5. d4 Nbd7 6. Bg2 O-O 7. O-O c5 8. c4
Rb8 9. Nc3 cxd4 10. Nxd4 Nc5 11. Qd2 Bd7 12. Rac1 a6 13. Rfd1 Qc8 14. Nc2 Nfe4
15. Qe1 Bh3 16. Nd5 Re8 17. Bxg7 Bxg2 18. Ba1 Bh3 19. f3 Ng5 20. Qc3 f6 21. b4
Nd7 22. Qe3 Kf7 23. Nd4 e5 24. Nb3 b6 25. Nd2 h5 26. Nc3 Bf5 27. h4 Nh3+ 28.
Kh2 Re6 29. Qh6 Nf8 30. e4 Bg4 31. Qe3 Re7 32. fxg4 hxg4 33. Nd5 Reb7 34. c5
bxc5 35. Nc4 Qe6 36. bxc5 dxc5 37. Qxc5 Nd7 38. Qe3 Kg7 39. Rf1 g5 40. Qa3 gxh4
41. gxh4 Kg6 42. Ne7+ Kh7 43. Nf5 Nf4 44. Qe3 Rc7 45. Rxf4 Rxc4 46. Rxg4 Qxf5
47. exf5 Rxg4 48. Rc7 Rxh4+ 49. Kg3 Rbb4 50. Rxd7+ Kg8 51. Rd8+ 1-0

[Event "1er Open international de Liffré - Tourn"]
[Site "Liffré"]
[Date "2015.10.17"]
[Round "6.5"]
[White "Guezennec, Franck"]
[Black "Seite, Sullian"]
[Result "1-0"]
[WhiteElo "2259"]
[BlackElo "2010"]
[PlyCount "119"]
[EventDate "2015.??.??"]

1. e4 e6 2. d4 d5 3. Nd2 Nf6 4. e5 Nfd7 5. c3 c5 6. f4 Nc6 7. Ndf3 Qb6 8. g3
cxd4 9. cxd4 Bb4+ 10. Kf2 f6 11. Kg2 fxe5 12. fxe5 O-O 13. Bd3 Be7 14. h4 h6
15. b3 Kf7 16. Nh3 Ke8 17. Nf4 Nb4 18. Bg6+ Kd8 19. a3 Na6 20. Bd2 Ndb8 21. b4
Nc7 22. Qe2 Nb5 23. Qd3 a6 24. a4 Nc7 25. Rhc1 Nc6 26. Rab1 Nxb4 27. Rxc7 Qxc7
28. Bxb4 Bxb4 29. Rxb4 Bd7 30. Rb2 Rc8 31. Qa3 Rh8 32. h5 Qc1 33. Qb4 b5 34.
axb5 axb5 35. Rb1 Qc4 36. Qd6 Rc6 37. Qb8+ Rc8 38. Qb6+ Rc7 39. Rb2 Qc6 40. Qa5
Qc3 41. Qa2 Qc4 42. Qa8+ Rc8 43. Qa5+ Qc7 44. Qa3 Qc3 45. Rb3 Qc6 46. Bd3 Ra8
47. Qb4 Ra2+ 48. Kh3 Rf2 49. Bxb5 Qxb5 50. Nxe6+ Kc8 51. Rc3+ Kb7 52. Qd6 Bxe6+
53. Qxe6 Rd8 54. Kh4 Rf1 55. Qe7+ Rd7 56. Qe8 Rb1 57. Rc5 Qa4 58. e6 Qd1 59.
Qxd7+ Ka6 60. Qc6+ 1-0

[Event "1er Open international de Liffré - Tourn"]
[Site "Liffré"]
[Date "2015.10.17"]
[Round "7.1"]
[White "Bailet, Pierre"]
[Black "Stany, G.a"]
[Result "1/2-1/2"]
[WhiteElo "2515"]
[BlackElo "2385"]
[PlyCount "77"]
[EventDate "2015.??.??"]

1. e4 e5 2. Nf3 Nc6 3. Nc3 Nf6 4. d4 exd4 5. Nxd4 Bb4 6. Nxc6 bxc6 7. Bd3 d5 8.
exd5 cxd5 9. O-O O-O 10. h3 c6 11. Bf4 Bd6 12. Qf3 Rb8 13. b3 Qc7 14. Bxd6 Qxd6
15. Rfe1 c5 16. Rad1 Bb7 17. Qg3 Qxg3 18. fxg3 Rfe8 19. a3 Bc6 20. Rxe8+ Rxe8
21. Bb5 Bxb5 22. Nxb5 a5 23. Nc3 Rd8 24. Na4 Rc8 25. Nb6 Rd8 26. Nc4 Ra8 27.
Ne3 Rd8 28. g4 h6 29. h4 d4 30. g5 hxg5 31. hxg5 Ne4 32. Nc4 a4 33. bxa4 Nc3
34. Re1 Nxa4 35. Re7 d3 36. cxd3 Rxd3 37. Ra7 Nc3 38. Ne5 Rd5 39. g6 1/2-1/2

[Event "1er Open international de Liffré - Tourn"]
[Site "Liffré"]
[Date "2015.10.17"]
[Round "7.2"]
[White "Swayams, Mishra"]
[Black "Ibrahim, Hatim"]
[Result "1/2-1/2"]
[WhiteElo "2444"]
[BlackElo "2311"]
[PlyCount "71"]
[EventDate "2015.??.??"]

1. d4 Nf6 2. c4 e6 3. Nf3 c5 4. e3 b6 5. Nc3 cxd4 6. exd4 Bb7 7. Bd3 d5 8. cxd5
Nxd5 9. Bb5+ Bc6 10. Bxc6+ Nxc6 11. Qa4 Qd7 12. O-O Be7 13. Nxd5 Qxd5 14. Be3
O-O 15. Rfc1 b5 16. Qb3 Nb4 17. Qxd5 Nxd5 18. Ne5 f6 19. Nd3 Rfc8 20. a4 Rxc1+
21. Bxc1 bxa4 22. Rxa4 Kf7 23. Kf1 Bd8 24. Bd2 Bb6 25. Rc4 Rd8 26. Ke2 Ne7 27.
Be3 Nf5 28. Nc5 h5 29. h3 h4 30. Kf3 Rd5 31. Kg4 g5 32. b4 Nd6 33. Rc2 Nf5 34.
Rc4 Nd6 35. Rc2 Nf5 36. Rc4 1/2-1/2

[Event "1er Open international de Liffré - Tourn"]
[Site "Liffré"]
[Date "2015.10.17"]
[Round "7.3"]
[White "Adrian, Claude"]
[Black "Guezennec, Franck"]
[Result "1-0"]
[WhiteElo "2208"]
[BlackElo "2259"]
[PlyCount "113"]
[EventDate "2015.??.??"]

1. Nf3 c5 2. c4 Nc6 3. Nc3 g6 4. e3 Bg7 5. d4 d6 6. Be2 cxd4 7. exd4 Bg4 8. O-O
Nf6 9. d5 Bxf3 10. Bxf3 Ne5 11. Be2 O-O 12. f4 Ned7 13. Be3 Qa5 14. a3 Rfc8 15.
b4 Qd8 16. Rc1 a5 17. Qb3 axb4 18. axb4 Qf8 19. Rfd1 h5 20. h3 h4 21. Bf3 b6
22. Ne2 Ra6 23. Bf2 Rca8 24. Bxh4 Nh5 25. Bxh5 gxh5 26. Qf3 Ra2 27. Qxh5 R8a3
28. Nd4 Bxd4+ 29. Rxd4 Qg7 30. Qg4 Qxg4 31. hxg4 Rb3 32. Rf1 Rxb4 33. Rf2 Ra1+
34. Kh2 f6 35. Re4 Nf8 36. Rxe7 Ng6 37. Bxf6 Nxe7 38. Bxa1 Rxc4 39. Kg3 Nxd5
40. g5 Ne7 41. f5 d5 42. Bf6 Kf7 43. Bxe7 Kxe7 44. Re2+ Kf7 45. Ra2 Rc7 46. Kf4
d4 47. g6+ Kf6 48. g4 d3 49. g5+ Kg7 50. Rh2 Rc2 51. Rh7+ Kg8 52. Rd7 Rf2+ 53.
Ke5 Re2+ 54. Kf6 Re8 55. Rxd3 b5 56. g7 Rb8 57. Kg6 1-0

[Event "1er Open international de Liffré - Tourn"]
[Site "Liffré"]
[Date "2015.10.17"]
[Round "7.4"]
[White "Pucher, Sebastien"]
[Black "Ramahef, Eric"]
[Result "1-0"]
[WhiteElo "2326"]
[BlackElo "2081"]
[PlyCount "77"]
[EventDate "2015.??.??"]

1. c4 e5 2. Nc3 Nc6 3. g3 Nf6 4. Nf3 Bb4 5. Bg2 O-O 6. O-O Bxc3 7. bxc3 d6 8.
d3 Bd7 9. h3 Rb8 10. Ne1 Re8 11. Nc2 h6 12. Rb1 a6 13. Ne3 Qc8 14. Kh2 Ne7 15.
f4 exf4 16. Rxf4 Nh5 17. Rf2 c6 18. Nc2 g5 19. e4 Ng7 20. Rf6 Ng6 21. Rxd6 Qc7
22. Rf6 Qe5 23. Rf2 Qxc3 24. Bb2 Qa5 25. Ne3 Qc7 26. d4 f5 27. Nxf5 Bxf5 28.
exf5 Re3 29. fxg6 Qxg3+ 30. Kg1 Rbe8 31. Qg4 Qd6 32. Rbf1 Qxg6 33. d5 c5 34. d6
Qxd6 35. Bxg7 Kxg7 36. Rf7+ Kg8 37. Qf5 Qd3 38. Qf6 Qd4 39. Qg6+ 1-0

[Event "1er Open international de Liffré - Tourn"]
[Site "Liffré"]
[Date "2015.10.17"]
[Round "7.5"]
[White "Alanic, Mickael"]
[Black "Yche, Michel"]
[Result "1-0"]
[WhiteElo "2271"]
[BlackElo "1915"]
[PlyCount "80"]
[EventDate "2015.??.??"]

1. e4 e6 2. d3 d6 3. g3 g6 4. Bg2 Bg7 5. c4 Nd7 6. Ne2 Ngf6 7. Nbc3 c6 8. O-O
O-O 9. f4 Qb6+ 10. d4 e5 11. c5 Nxc5 12. dxc5 Qxc5+ 13. Kh1 Ng4 14. Qe1 exf4
15. Nxf4 Bd4 16. Nd1 Be6 17. h3 Ne5 18. Be3 Bc4 19. Bxd4 Qxd4 20. Qf2 Qb6 21.
Re1 g5 22. Nh5 f5 23. Qd2 Qd8 24. exf5 Bf7 25. g4 Bxh5 26. gxh5 Rxf5 27. Ne3
Rf4 28. Rad1 Nf7 29. Ng4 d5 30. Re6 Nd6 31. Nh6+ Kf8 32. Rde1 Qd7 33. Qc3 Nf7
34. Qc5+ Kg7 35. Re7 b6 36. Qc3+ d4 37. Qb3 Qd8 38. Rxf7+ Rxf7 39. Qxf7+ Kh8
40. Re8+ Qxe8 1-0

[Event "1er Open international de Liffré - Tourn"]
[Site "Liffré"]
[Date "2015.10.17"]
[Round "8.2"]
[White "Le Marec, Simon"]
[Black "Bailet, Pierre"]
[Result "0-1"]
[WhiteElo "2152"]
[BlackElo "2515"]
[PlyCount "68"]
[EventDate "2015.??.??"]

1. d4 Nf6 2. c4 e6 3. g3 c5 4. d5 exd5 5. cxd5 d6 6. Nc3 g6 7. Bg2 Bg7 8. Nf3
O-O 9. O-O Nbd7 10. h3 Re8 11. Nd2 Nh5 12. Nde4 Ndf6 13. g4 Nxe4 14. Nxe4 Nf6
15. Nc3 Nd7 16. Ne4 Qe7 17. Bf4 Ne5 18. g5 Bf5 19. Nf6+ Bxf6 20. gxf6 Qxf6 21.
Qc1 Qh4 22. Kh2 Qh5 23. Qd1 g5 24. e4 Qxd1 25. Raxd1 gxf4 26. exf5 Kg7 27. b4
cxb4 28. Rd4 f3 29. Bh1 a5 30. Kg3 Rac8 31. Kf4 Rc3 32. Rg1+ Kf6 33. h4 Nd3+
34. Kxf3 Nc1+ 0-1

[Event "1er Open international de Liffré - Tourn"]
[Site "Liffré"]
[Date "2015.10.17"]
[Round "8.3"]
[White "Alanic, Mickael"]
[Black "Swayams, Mishra"]
[Result "1/2-1/2"]
[WhiteElo "2271"]
[BlackElo "2444"]
[PlyCount "121"]
[EventDate "2015.??.??"]

1. e4 e6 2. d4 d5 3. exd5 exd5 4. Nc3 c6 5. Bd3 Bd6 6. Nge2 Qc7 7. Be3 Nf6 8.
Qd2 O-O 9. O-O-O b5 10. f3 b4 11. Nb1 Nbd7 12. g4 Nb6 13. Ng3 Nc4 14. Bxc4 dxc4
15. Ne4 Nxe4 16. fxe4 c3 17. bxc3 bxc3 18. Qxc3 Rb8 19. a3 Qb7 20. Kd2 Qb5 21.
Qd3 Qa5+ 22. Qc3 Qa4 23. Rhg1 Bc7 24. Ke2 Ba5 25. Qd3 Rb2 26. Rc1 Bc7 27. Kf3
Ba6 28. Qc3 Rfb8 29. Nd2 Ba5 30. Qc5 R2b5 31. Qd6 Rd8 32. Qe7 c5 33. d5 Rb7 34.
Qg5 Re8 35. Qf4 Rbe7 36. c3 Bd3 37. Bxc5 Rxe4 38. Nxe4 Bxe4+ 39. Kf2 Qc4 40.
Bd4 Bd8 41. Rce1 Bh4+ 42. Rg3 Qxd5 43. g5 Bxg3+ 44. Kxg3 a6 45. h4 Qb7 46. h5
Re6 47. Kh4 Kf8 48. Be5 h6 49. Qxe4 hxg5+ 50. Kg4 Qc8 51. Kf3 Kg8 52. Qd5 Kh7
53. Rg1 f6 54. Bd4 Re7 55. Kf2 Qb8 56. Qf3 Qh2+ 57. Rg2 Qh1 58. Qf5+ Kg8 59.
Qd5+ Kh7 60. Qf5+ Kg8 61. Qd5+ 1/2-1/2

[Event "1er Open international de Liffré - Tourn"]
[Site "Liffré"]
[Date "2015.10.17"]
[Round "8.4"]
[White "Adrian, Claude"]
[Black "Pucher, Sebastien"]
[Result "0-1"]
[WhiteElo "2208"]
[BlackElo "2326"]
[PlyCount "92"]
[EventDate "2015.??.??"]

1. Nf3 d5 2. c4 e6 3. g3 dxc4 4. Qa4+ Nd7 5. Bg2 Ngf6 6. O-O c5 7. Qxc4 b6 8.
d4 Bb7 9. Nc3 Rc8 10. Rd1 a6 11. dxc5 Bxc5 12. Qh4 O-O 13. Bg5 Qc7 14. Bf4 Qd8
15. Bg5 Qc7 16. Bf4 Qd8 17. Rd2 Nd5 18. Nxd5 Bxd5 19. Qh3 Qe7 20. Ng5 h6 21.
Ne4 Bb4 22. Nc3 Rxc3 23. Bxd5 Rc5 24. Bb3 Bxd2 25. Bxd2 Rfc8 26. Bc3 Rxc3 27.
bxc3 Rxc3 28. Qg4 Qc5 29. h4 Rc1+ 30. Rxc1 Qxc1+ 31. Kh2 Nc5 32. Qf3 a5 33. Qc6
Nxb3 34. Qe8+ Kh7 35. axb3 Qc2 36. Qxf7 Qf5 37. Qc7 Qxf2+ 38. Kh3 Qf1+ 39. Kh2
Qf2+ 40. Kh1 Qf1+ 41. Kh2 Qxe2+ 42. Kh3 Qb5 43. Qc3 Qc5 44. Qd2 Qd5 45. Qc3 e5
46. g4 e4 0-1

[Event "1er Open international de Liffré - Tourn"]
[Site "Liffré"]
[Date "2015.10.17"]
[Round "8.5"]
[White "Pigeat, Alexandre"]
[Black "Marie, Xavier"]
[Result "1-0"]
[WhiteElo "2123"]
[BlackElo "1841"]
[PlyCount "43"]
[EventDate "2015.??.??"]

1. d4 Nf6 2. c4 c5 3. d5 b5 4. Qc2 bxc4 5. e4 Ba6 6. Nc3 d6 7. f4 Nbd7 8. Qa4
Bb7 9. Bxc4 g6 10. e5 dxe5 11. fxe5 Nxd5 12. Bxd5 Qc7 13. Bf4 e6 14. Bxb7 Qxb7
15. Nge2 Qxg2 16. O-O-O Qb7 17. Ne4 O-O-O 18. Bg5 Re8 19. Qxd7+ Qxd7 20. Rxd7
Kxd7 21. Nf6+ Ke7 22. Rd1 1-0